Composition and properties of rotenone-containing Mundulea-bark (Record no. 46037)

MARC details
000 -LEADER
fixed length control field 00335nam a2200121Ia 4500
100 ## - MAIN ENTRY--AUTHOR NAME
Personal name Spoon W
245 #0 - TITLE STATEMENT
Title Composition and properties of rotenone-containing Mundulea-bark
260 ## - PUBLICATION, DISTRIBUTION, ETC. (IMPRINT)
Name of publisher Tijdschrift over Planteziekten
Year of publication 1959
300 ## - PHYSICAL DESCRIPTION
Number of Pages 79-88
700 ## - ADDED ENTRY--PERSONAL NAME
Personal name Loosjes F.E.
942 ## - ADDED ENTRY ELEMENTS (KOHA)
Koha item type Reprints
Holdings
Withdrawn status Lost status Damaged status Not for loan Home library Current library Date acquired Serial Enumeration / chronology Koha item type
      Reprints RRII Library RRII Library 22/12/2021 Volume 65, Issue Reprints